ARRUPE JESUIT UNIVERSITY

CORONAVIRUS -STOP THE SPREAD - CLEAN,DISINFECT,COVER

Sunshine and rain in Uganda, (Record no. 120293)

MARC details
000 -LEADER
fixed length control field 00753cam a22002651 4500
001 - CONTROL NUMBER
control field 9783132
003 - CONTROL NUMBER IDENTIFIER
control field ARRUPE
005 - DATE AND TIME OF LATEST TRANSACTION
control field 20140326170340.0
008 - FIXED-LENGTH DATA ELEMENTS--GENERAL INFORMATION
fixed length control field 830111s1932 enkac 000 0 eng
010 ## - LIBRARY OF CONGRESS CONTROL NUMBER
LC control number 52048443
035 ## - SYSTEM CONTROL NUMBER
System control number (OCoLC)9120065
040 ## - CATALOGING SOURCE
Original cataloging agency DLC
Transcribing agency MBU
Modifying agency NN
-- DLC
042 ## - AUTHENTICATION CODE
Authentication code premarc
043 ## - GEOGRAPHIC AREA CODE
Geographic area code f-ug---
050 00 - LIBRARY OF CONGRESS CALL NUMBER
Classification number DT434.U2
Item number D3
082 ## - DEWEY DECIMAL CLASSIFICATION NUMBER
Classification number 916.761
300 ## - PHYSICAL DESCRIPTION
Other physical details illus., port.
Dimensions 19 cm.
100 1# - MAIN ENTRY--PERSONAL NAME
Personal name Day, Adela M.
9 (RLIN) 9476
245 10 - TITLE STATEMENT
Title Sunshine and rain in Uganda,
Statement of responsibility, etc with a foreword by Lady Coryndon.
250 ## - EDITION STATEMENT
Edition statement [1st ed.
260 ## - PUBLICATION, DISTRIBUTION, ETC. (IMPRINT)
Place of publication, distribution, etc London]
Name of publisher, distributor, etc East Africa
Date of publication, distribution, etc [1932]
300 ## - PHYSICAL DESCRIPTION
Extent viii, 160 p.
651 #0 - SUBJECT ADDED ENTRY--GEOGRAPHIC NAME
Geographic name Uganda
General subdivision Description and travel.
9 (RLIN) 9477
906 ## - LOCAL DATA ELEMENT F, LDF (RLIN)
a 7
b cbc
c oclcrpl
d u
e ncip
f 19
g y-gencatlg
942 ## - ADDED ENTRY ELEMENTS (KOHA)
Source of classification or shelving scheme Library of Congress Classification
Koha item type REFERENCE
Holdings
Withdrawn status Lost status Source of classification or shelving scheme Damaged status Not for loan Collection code Home library Current library Shelving location Date acquired Total Checkouts Full call number Barcode Date last seen Price effective from Koha item type
    Library of Congress Classification     SPECIAL Collection ARRUPE LIBRARY ARRUPE LIBRARY Main Collection 26/03/2014   SPC DT434.U2 D3 46500001827 05/07/2018 26/03/2014 REFERENCE

 

Arrupe Library. PO Box MP320 Mt Pleasant, Harare, Zimbabwe
263 242 745411|librarian@aju.ac.zw